| 000 | 00949cab a2200337 4500 | ||
|---|---|---|---|
| 001 | ABS55484 | ||
| 008 | 090401t1996 xxu||||| |||| 00| 0 eng d | ||
| 035 | _a(Sirsi) u16854 | ||
| 041 | _aeng | ||
| 245 | _aFocus `96: Staffordshire and Shropshire | ||
| 260 | _c1996 | ||
| 350 | _a0 | ||
| 490 |
_aEstates Gazette _v(9629) 20 July 1996, 69-95(16) |
||
| 650 | _aBURTON ON TRENT | ||
| 650 | _aDISTRIBUTION MARKET | ||
| 650 | _aINDUSTRIAL MARKET | ||
| 650 | _aINWARD INVESTMENT | ||
| 650 | _aLEISURE MARKET | ||
| 650 | _aOVERSEAS INVESTMENT | ||
| 650 | _aPROPERTY-COMMERCIAL PROPERTY-RETAIL PROPERTY-RETAIL PROPERTY MARKET | ||
| 650 | _aSHOPPING CENTRES | ||
| 650 | _aSHREWSBURY | ||
| 650 | _aSHROPSHIRE | ||
| 650 | _aSPECULATIVE DEVELOPMENT | ||
| 650 | _aSTAFFORDSHIRE | ||
| 650 | _aTAMWORTH | ||
| 650 | _aTELFORD | ||
| 690 | _aPROPERTY-COMMERCIAL PROPERTY-COMMERCIAL PROPERTY MARKET | ||
| 942 | _n0 | ||
| 948 | _c04/03/1997 | ||
| 999 |
_c11156 _d11156 |
||